<?xml version="1.0" encoding="UTF-8"?>
<record
    xmlns:xsi="http://www.w3.org/2001/XMLSchema-instance"
    xsi:schemaLocation="http://www.loc.gov/MARC21/slim http://www.loc.gov/standards/marcxml/schema/MARC21slim.xsd"
    xmlns="http://www.loc.gov/MARC21/slim">

  <leader>00807nab a2200217 uc4500</leader>
  <controlfield tag="001">734337</controlfield>
  <controlfield tag="005">20260427110923.0</controlfield>
  <controlfield tag="008">020502s1999                        spa  </controlfield>
  <datafield tag="035" ind1=" " ind2=" ">
    <subfield code="a">734337</subfield>
  </datafield>
  <datafield tag="035" ind1=" " ind2=" ">
    <subfield code="a">(OCoLC)819942767</subfield>
  </datafield>
  <datafield tag="040" ind1=" " ind2=" ">
    <subfield code="c">comduadb</subfield>
  </datafield>
  <datafield tag="041" ind1=" " ind2=" ">
    <subfield code="a">spa</subfield>
  </datafield>
  <datafield tag="100" ind1="1" ind2="0">
    <subfield code="a">Posada Mej&#xED;a, Gisela Sof&#xED;a</subfield>
    <subfield code="4">aut</subfield>
    <subfield code="e">aut</subfield>
    <subfield code="9">325972</subfield>
  </datafield>
  <datafield tag="245" ind1="1" ind2="0">
    <subfield code="a">Me lanzo al lienzo como quien se lanza a una piscina</subfield>
  </datafield>
  <datafield tag="650" ind1=" " ind2=" ">
    <subfield code="a">Grau Araujo, Enrique, 1920-2004</subfield>
    <subfield code="9">42941</subfield>
  </datafield>
  <datafield tag="650" ind1=" " ind2="7">
    <subfield code="a">Artistas colombianos</subfield>
    <subfield code="2">lemb</subfield>
    <subfield code="9">40383</subfield>
  </datafield>
  <datafield tag="650" ind1=" " ind2=" ">
    <subfield code="a">Salon Nacional de Artistas - Colombia</subfield>
    <subfield code="9">96995</subfield>
  </datafield>
  <datafield tag="650" ind1=" " ind2=" ">
    <subfield code="a">Grau Araujo, Enrique, 1920-2004. El compromiso</subfield>
    <subfield code="9">80074</subfield>
  </datafield>
  <datafield tag="773" ind1="0" ind2=" ">
    <subfield code="t">Alma Mater. Universidad de Antioquia (Medell&#xED;n)</subfield>
    <subfield code="g">N&#xFA;mero 467, Mayo 1999, p. 21</subfield>
    <subfield code="w">(CO-MdUADB)700931</subfield>
    <subfield code="x">1657-4303</subfield>
    <subfield code="0">212942</subfield>
    <subfield code="9">893775</subfield>
    <subfield code="o">61000004291399</subfield>
  </datafield>
  <datafield tag="942" ind1=" " ind2=" ">
    <subfield code="c">ARIMP</subfield>
  </datafield>
  <datafield tag="999" ind1=" " ind2=" ">
    <subfield code="c">241237</subfield>
    <subfield code="d">241237</subfield>
  </datafield>
</record>
